000 00631nam a2200181 i 4500
001 46107
003 ES-MaACL
005 20250828084001.0
007 t|
008 030327s1962 sz ||||1| fre d
111 0 0 _aConférence Internationale de l'Instruction Publique (
_n25ª.
_d1962.
_cGinebra)
_9166
245 1 3 _aLa planification de l'education
_b: recherche d'education comparée nº 241.
260 _aGenève, ect. :
_bBureau International d'Education,
_c1962.
300 _aL, 194 p. ;
_c25 cm.
710 2 0 _aOficina Internacional de Educación
_96022
852 _aES-MaACL
_jC-23458
_bR.51443
999 _c46107
_d46107